Facultad de Derecho – Universidad Nacional de Mar del Plata

Personal del servicio penitenciario bonaerense (Record no. 1278)

MARC details
000 -LEADER
fixed length control field 00805cam a22002657a 4500
001 - CONTROL NUMBER
control field 001287
003 - CONTROL NUMBER IDENTIFIER
control field armpunfd
005 - DATE AND TIME OF LATEST TRANSACTION
control field 20140612090636.0
008 - FIXED-LENGTH DATA ELEMENTS--GENERAL INFORMATION
fixed length control field 030918e0####xx#a##########000#0#und#d
040 ## - CATALOGING SOURCE
Original cataloging agency armpunfd
Transcribing agency armpunfd
080 ## - UNIVERSAL DECIMAL CLASSIFICATION NUMBER
Universal Decimal Classification number 343.83 (821.2)
100 10 - MAIN ENTRY--PERSONAL NAME
Personal name Coppari, Fernando
245 10 - TITLE STATEMENT
Title Personal del servicio penitenciario bonaerense
260 ## - PUBLICATION, DISTRIBUTION, ETC. (IMPRINT)
Place of publication, distribution, etc Uarez : Mar Del Plata
Name of publisher, distributor, etc 2003. Isbn : 987-9494-6
650 #7 - SUBJECT ADDED ENTRY--TOPICAL TERM
Topical term or geographic name as entry element Buenos Aires
Source of heading or term LEMB
650 #7 - SUBJECT ADDED ENTRY--TOPICAL TERM
Topical term or geographic name as entry element Decreto 4.701
Source of heading or term LEMB
650 #7 - SUBJECT ADDED ENTRY--TOPICAL TERM
Topical term or geographic name as entry element Decreto Ley 342/81
Source of heading or term LEMB
650 #7 - SUBJECT ADDED ENTRY--TOPICAL TERM
Topical term or geographic name as entry element Decreto Ley 9.578
Source of heading or term LEMB
650 #7 - SUBJECT ADDED ENTRY--TOPICAL TERM
Topical term or geographic name as entry element Ley 12.796
Source of heading or term LEMB
650 #7 - SUBJECT ADDED ENTRY--TOPICAL TERM
Topical term or geographic name as entry element Personal Del Servicio Penitenciario
Source of heading or term LEMB
650 #7 - SUBJECT ADDED ENTRY--TOPICAL TERM
Topical term or geographic name as entry element Servicio Penitenciario
Source of heading or term LEMB
942 ## - ADDED ENTRY ELEMENTS (KOHA)
Koha item type LIBRO
Source of classification or shelving scheme
945 ## - LOCAL PROCESSING INFORMATION (OCLC)
a Catalis
d 2010-08-19
945 ## - LOCAL PROCESSING INFORMATION (OCLC)
a Catalis
d 2010-08-19
Holdings
Withdrawn status Lost status Source of classification or shelving scheme Damaged status Not for loan Home library Current library Shelving location Date acquired Total Checkouts Total Renewals Full call number Barcode Date last seen Date checked out Price effective from Koha item type
          Bib. Derecho Bib. Derecho Sector Prestamo 12/06/2014 1 1 343.83 (821.2) 200937 13/09/2023 11/09/2023 12/06/2014 LIBRO
          Bib. Derecho Bib. Derecho Sector Prestamo 12/06/2014 1   343.83 (821.2) 200938 18/10/2022 14/10/2022 12/06/2014 LIBRO

XHTML | CSS | ©Biblioteca Central - Dto. Tecnología de la Información - [ Con tecnología Koha ]